Đổi mới công tác xã hội trong điều kiện kinh tế thị trường và hội nhập quốc tế - Lý luận và thực tiễn Sách chuyên khảo

שמור ב:
מידע ביבליוגרפי
מחבר ראשי: Nguyễn Thị Thu H
פורמט: ספר
שפה:Vietnamese
יצא לאור: H. Chính trị Quốc gia 2013
נושאים:
תגים: הוספת תג
אין תגיות, היה/י הראשונ/ה לתייג את הרשומה!
Thư viện lưu trữ: Mạng thư viện Đại học Đà Nẵng
LEADER 01295nam a2200337 4500
001 000019888
003 16329
005 20141128141138.0
008 141126s2013 viesd
020 |c 63000 
041 0 |a vie 
082 1 4 |a 361.309597  |b NG-H 
100 1 |a Nguyễn Thị Thu Hà 
245 1 0 |a Đổi mới công tác xã hội trong điều kiện kinh tế thị trường và hội nhập quốc tế - Lý luận và thực tiễn  |b Sách chuyên khảo  |c Nguyễn Thị Thu Hà 
260 |a H.  |b Chính trị Quốc gia  |c 2013 
300 |a 387 tr.  |c 21 cm. 
504 |a Thư mục tr.383-387 
650 0 4 |a Công tác xã hội  |x Kinh tế thị trường  |x Hội nhập quốc tế  |z Việt Nam 
653 |a Công tác xã hội 
653 |a Hội nhập quốc tế 
653 |a Kinh tế thị trường 
OWN |a LSP 
AVA |a UDN50  |b LSP  |d 361.309597 NG-H  |e available  |t Error 5001 Not defined in file expand_doc_bib_avail.  |f 5  |g 1  |h N  |i 0  |k 1 
999 |a From the UDN01 
AVA |a UDN50  |b LSP  |d 361.309597 NG-H  |e available  |t Error 5001 Not defined in file expand_doc_bib_avail.  |f 5  |g 1  |h N  |i 0  |k 1 
TYP |a Monograph 
TYP |a Printed language 
980 |a Mạng thư viện Đại học Đà Nẵng